LEADER 01173nam--2200385---450- 001 990002780730203316 005 20060714114850.0 010 $a88-368-0972-3 035 $a000278073 035 $aUSA01000278073 035 $a(ALEPH)000278073USA01 035 $a000278073 100 $a20060714h2002----km-y0itay50------ba 101 1 $aita 102 $aIT 105 $ay|||z|||001yy 200 1 $aFantasie di interludio (1914-1935)$fFernando Pessoa$ga cura di Fernando Cabral Martins 210 $aFirenze$cPassigli$dcopyr. 2002 215 $a253 p.$d22 cm 225 2 $aPassigli poesia 410 0$12001$aPassigli poesia 454 1$12001$aFicçoes do interlúdio$917219 676 $a869.141 700 1$aPESSOA,$bFernando$0329680 702 1$aCABRAL MARTINS,$bFernando 801 0$aIT$bsalbc$gISBD 912 $a990002780730203316 951 $aVI.6.A. 38(IIsp A 483)$b190867 L.M.$cVI.6.$d00127174 959 $aBK 969 $aUMA 979 $aANNAMARIA$b90$c20060714$lUSA01$h1052 979 $aANNAMARIA$b90$c20060714$lUSA01$h1140 979 $aANNAMARIA$b90$c20060714$lUSA01$h1148 996 $aFicçoes do interlúdio$917219 997 $aUNISA LEADER 01195nam a2200349 i 4500 001 991001021859707536 005 20020507181808.0 008 950215s1979 us ||| | eng 020 $a0387096485 035 $ab10790226-39ule_inst 035 $aLE01305863$9ExL 040 $aDip.to Matematica$beng 082 0 $a510.24574 084 $aAMS 92-01 084 $aAMS 92-XX 084 $aLC QH323.5 100 1 $aBatschelet, Edward$054328 245 10$aIntroduction to mathematics for life scientists /$cEdward Batschelet 250 $a3rd ed. 260 $aBerlin ; New York :$bSpringer-Verlag,$c1979 300 $axv, 643 p. :$bill. ;$c24 cm 500 $aBibliography: p. [610]-621 500 $aIncludes index 500 $a"Springer study edition" 650 0$aBiology and behavioral sciences 650 0$aBiomathematics 907 $a.b10790226$b29-02-16$c28-06-02 912 $a991001021859707536 945 $aLE013 92-XX BAT11 C.3 (1979)$g3$i2013000021171$lle013$o-$pE0.00$q-$rl$s- $t0$u0$v0$w0$x0$y.i10890737$z28-06-02 996 $aIntroduction to mathematics for life scientists$925131 997 $aUNISALENTO 998 $ale013$b01-01-95$cm$da $e-$feng$gus $h0$i1